| 000 | 00733nam a22002297a 4500 | ||
|---|---|---|---|
| 005 | 20170124105944.0 | ||
| 010 | _aA-503377 | ||
| 020 | _c12.50 | ||
| 035 | _aA-503377 | ||
| 037 | _bCen Lib/Ret | ||
| 040 |
_aDPL _bEN |
||
| 082 |
_a300 _bSER |
||
| 100 |
_aServey, Richard E. _911884 |
||
| 245 |
_aSocial-studies instruction in the elementary school / _cby Richard E. Servey |
||
| 260 |
_bThomson Press (INDIA) Limited _aNew Delhi _c1967 |
||
| 270 |
_a19, Malcha Marg, Diplomatic Enclave _bNew Delhi |
||
| 300 |
_ax,656p. : _c24m(Hb) |
||
| 500 | _aIncludes index. | ||
| 650 |
_aSocial sciences _974521 |
||
| 650 |
_aSocial sciences -- Study and teaching (Elementary) _911886 |
||
| 942 |
_2ddc _cEN _h300 _mSER |
||
| 999 |
_c124771 _d124771 |
||